[Event "Sharjah Blitz op 27th"]
[Site "Sharjah"]
[Date "2022.04.08"]
[Round "1"]
[White "Erdogdu, Mert"]
[Black "Jawaher, Khalil"]
[Result "1-0"]
[WhiteElo "2407"]
[BlackElo "1111"]
[PlyCount "53"]
[EventDate "2022.04.08"]
[EventType "swiss (blitz)"]
[EventRounds "9"]
[EventCountry "UAE"]
[SourceTitle "CBM 207 Extra"]
[Source "ChessBase"]
[SourceDate "2022.05.31"]
[SourceVersion "1"]
[SourceVersionDate "2022.05.31"]
[SourceQuality "1"]

1. e4 c5 2. Nf3 Nc6 3. d4 cxd4 4. Nxd4 Nf6 5. Nc3 e5 6. Ndb5 d6 7. Bg5 Be7 8. Bxf6 Bxf6 9. Nxd6+ Kf8 10. Bc4 Be6 11. Bxe6 fxe6 12. 0-0 Qc7 13. Ndb5 Qe7 14. Qd6 Qxd6 15. Nxd6 b6 16. Ne2 Rd8 17. Rad1 Ke7 18. Nc4 b5 19. Ne3 Bg5 20. c3 b4 21. Nc4 Rhf8 22. g3 h5 23. h4 Bh6 24. Kg2 Kf6 25. Rd6 Ne7 26. Rfd1 Rxd6 27. Rxd6 1-0

[Event "Sharjah Blitz op"]
[Site "Sharjah"]
[Date "2021.05.01"]
[Round "6.20"]
[White "Albadin, Alaa"]
[Black "Jawaher, Khalil"]
[Result "1-0"]
[WhiteElo "1359"]
[BlackElo "1111"]
[PlyCount "74"]
[EventDate "2021.05.01"]
[EventType "swiss (blitz)"]
[EventRounds "9"]
[EventCountry "UAE"]
[SourceTitle "CBM 202 Extra"]
[Source "ChessBase"]
[SourceDate "2021.07.31"]
[SourceVersion "1"]
[SourceVersionDate "2021.07.31"]
[SourceQuality "1"]

1. c4 e5 2. Nc3 Nc6 3. Nf3 Nf6 4. e3 d5 5. cxd5 Nxd5 6. Bc4 Nxc3 7. bxc3 Bf5 8. 0-0 e4 9. Nd4 Nxd4 10. cxd4 Qg5 11. Re1 Bd6 12. Bf1 0-0 13. a4 Qh4 14. g3 Qh6 15. Ba3 Qe6 16. Bxd6 Qxd6 17. a5 Rad8 18. Rb1 b6 19. axb6 axb6 20. Rb5 Be6 21. Qb1 Rfe8 22. Rc1 Rb8 23. Qxe4 Bd7 24. Qb1 Bxb5 25. Qxb5 Qa3 26. Qc6 Qd6 27. Qc2 Rb7 28. Bg2 Rbb8 29. h4 Rbc8 30. Kh2 c5 31. dxc5 bxc5 32. Bh3 Rc7 33. Qc4 Qxd2 34. Kg2 Rxe3 35. Rf1 Rc8 36. Qg4 Rce8 37. Qf4 Re2 1-0

[Event "Sharjah Blitz op"]
[Site "Sharjah"]
[Date "2021.05.01"]
[Round "7.20"]
[White "Jawaher, Khalil"]
[Black "Bashaer, Khalil"]
[Result "0-1"]
[WhiteElo "1111"]
[BlackElo "1526"]
[PlyCount "98"]
[EventDate "2021.05.01"]
[EventType "swiss (blitz)"]
[EventRounds "9"]
[EventCountry "UAE"]
[SourceTitle "CBM 202 Extra"]
[Source "ChessBase"]
[SourceDate "2021.07.31"]
[SourceVersion "1"]
[SourceVersionDate "2021.07.31"]
[SourceQuality "1"]

1. e4 c5 2. Nf3 e6 3. d4 cxd4 4. Nxd4 Nf6 5. Nc3 Bb4 6. Bd2 Bxc3 7. Bxc3 Nxe4 8. Qf3 Nxc3 9. Qxc3 0-0 10. Bd3 Nc6 11. 0-0 Nxd4 12. Qxd4 d5 13. Qe3 Qf6 14. Rab1 Bd7 15. Qh3 h6 16. Qe3 Bc6 17. g3 Rfe8 18. Qe2 a6 19. b3 e5 20. c4 e4 21. Bc2 dxc4 22. bxc4 b5 23. f3 exf3 24. Qd3 Be4 25. Qd2 Rad8 26. Qe3 Bxc2 27. Qxf3 Qxf3 28. Rxf3 Bxb1 29. cxb5 axb5 30. Rb3 Bxa2 31. Rxb5 Bc4 32. Rb2 Re2 33. Rxe2 Bxe2 34. Kf2 Bb5 35. Kf3 Rd4 36. Ke3 Ra4 37. Kf3 Kh7 38. Kg2 Kg6 39. Kh3 Bd7+ 40. Kg2 Ra3 41. Kf2 Kf5 42. Kg2 Kg5 43. h4+ Kg4 44. Kh2 Ra2+ 45. Kg1 Kxg3 46. Kf1 Kf3 47. Ke1 Ke3 48. Kf1 Rb2 49. Ke1 Rb1# 0-1

[Event "Sharjah Rapid op"]
[Site "Sharjah"]
[Date "2021.04.30"]
[Round "7.20"]
[White "Bashaer, Khalil"]
[Black "Jawaher, Khalil"]
[Result "1-0"]
[WhiteElo "1526"]
[BlackElo "1111"]
[PlyCount "49"]
[EventDate "2021.04.29"]
[EventType "swiss (rapid)"]
[EventRounds "9"]
[EventCountry "UAE"]
[SourceTitle "CBM 202 Extra"]
[Source "ChessBase"]
[SourceDate "2021.07.31"]
[SourceVersion "1"]
[SourceVersionDate "2021.07.31"]
[SourceQuality "1"]

1. e4 c5 2. Nf3 Nc6 3. c3 Nf6 4. d3 e5 5. Be2 Be7 6. 0-0 0-0 7. Na3 a6 8. Nc4 d6 9. Ne3 Be6 10. Re1 d5 11. exd5 Nxd5 12. Nxd5 Bxd5 13. Be3 e4 14. dxe4 Bxe4 15. Qa4 b5 16. Qxe4 Rc8 17. Rad1 Qc7 18. Bd3 g6 19. Bh6 Rfe8 20. Qf4 Qxf4 21. Bxf4 c4 22. Bc2 Nd8 23. Nd4 Kg7 24. Be5+ f6 25. Bg3 1-0

[Event "Sharjah Rapid op"]
[Site "Sharjah"]
[Date "2021.04.30"]
[Round "9.20"]
[White "Jawaher, Khalil"]
[Black "Albadin, Alaa"]
[Result "1/2-1/2"]
[WhiteElo "1111"]
[BlackElo "1359"]
[PlyCount "84"]
[EventDate "2021.04.29"]
[EventType "swiss (rapid)"]
[EventRounds "9"]
[EventCountry "UAE"]
[SourceTitle "CBM 202 Extra"]
[Source "ChessBase"]
[SourceDate "2021.07.31"]
[SourceVersion "1"]
[SourceVersionDate "2021.07.31"]
[SourceQuality "1"]

1. e4 c5 2. Nf3 d6 3. d4 cxd4 4. Nxd4 Nf6 5. Nc3 a6 6. a3 Nc6 7. Nxc6 bxc6 8. Bc4 e6 9. Qf3 e5 10. 0-0 Be7 11. Qd3 0-0 12. f4 Qc7 13. fxe5 dxe5 14. Kh1 Rd8 15. Qe2 Bg4 16. Qf2 Rd6 17. Be3 Rad8 18. Bb6 Qd7 19. Bxd8 Bxd8 20. Be2 Rd2 21. Rad1 Bxe2 22. Qxe2 Rxd1 23. Rxd1 Qe7 24. Qxa6 Kf8 25. Qxc6 Bc7 26. Qa8+ Ne8 27. Nd5 Qd6 28. Qa7 Bd8 29. Rf1 Bf6 30. Nxf6 Nxf6 31. Qa8+ Ne8 32. Qa7 Qg6 33. Rd1 Qxe4 34. Rd7 Qf5 35. h3 Qf1+ 36. Kh2 Qf4+ 37. Kg1 Qc1+ 38. Kh2 Qf4+ 39. Kg1 Qc1+ 40. Kh2 Qf4+ 41. Kh1 Qf1+ 42. Kh2 Qf4+ 1/2-1/2

[Event "UAE President Cup (Women)"]
[Site "Ajman"]
[Date "2019.01.05"]
[Round "5"]
[White "Mariam, Essa"]
[Black "Jawaher, Khalil"]
[Result "1-0"]
[WhiteElo "1597"]
[BlackElo "1125"]
[PlyCount "35"]
[EventDate "2019.01.02"]
[EventType "swiss"]
[EventRounds "9"]
[EventCountry "UAE"]
[SourceTitle "CBM 188 Extra"]
[Source "ChessBase"]
[SourceDate "2019.02.26"]
[SourceVersion "1"]
[SourceVersionDate "2019.02.26"]
[SourceQuality "1"]

1. e4 c5 2. Nc3 Nc6 3. Bc4 Nf6 4. f4 e5 5. Nf3 exf4 6. 0-0 Be7 7. d3 Qc7 8. Ng5 0-0 9. Bxf4 Qd8 10. e5 Ne8 11. Qh5 Bxg5 12. Bxg5 g6 13. Qh4 Qc7 14. Bxf7+ Rxf7 15. Rxf7 Kxf7 16. Qxh7+ Ng7 17. Rf1+ Ke6 18. Qg8+ 1-0

[Event "UAE President Cup (Women)"]
[Site "Ajman"]
[Date "2019.01.03"]
[Round "2"]
[White "Jawaher, Khalil"]
[Black "Abla, Sawayeh Alkaabi"]
[Result "1-0"]
[WhiteElo "1125"]
[BlackElo "1503"]
[PlyCount "39"]
[EventDate "2019.01.02"]
[EventType "swiss"]
[EventRounds "9"]
[EventCountry "UAE"]
[SourceTitle "CBM 188 Extra"]
[Source "ChessBase"]
[SourceDate "2019.02.26"]
[SourceVersion "1"]
[SourceVersionDate "2019.02.26"]
[SourceQuality "1"]

1. e4 e5 2. Nf3 Nf6 3. Nxe5 Bd6 4. Nf3 0-0 5. e5 Be7 6. exf6 Bxf6 7. d4 d6 8. Bc4 Nc6 9. 0-0 d5 10. Bb3 Bf5 11. Nc3 Bg4 12. Qd3 Qe7 13. Nxd5 Qe6 14. Nxc7 Qc8 15. Nxa8 Qxa8 16. Bg5 Qd8 17. h4 Qe7 18. c3 a6 19. Bc2 Qe6 20. Qxh7# 1-0

[Event "Sharjah Cup (Women) 7th"]
[Site "Sharjah"]
[Date "2016.12.21"]
[Round "4"]
[White "Moskalets, Natalia"]
[Black "Jawaher, Khalil"]
[Result "1-0"]
[WhiteElo "2144"]
[BlackElo "1064"]
[PlyCount "67"]
[EventDate "2016.12.18"]
[EventType "swiss"]
[EventRounds "9"]
[EventCountry "UAE"]
[SourceTitle "CBM 176 Extra"]
[Source "ChessBase"]
[SourceDate "2017.03.02"]
[SourceVersion "1"]
[SourceVersionDate "2017.03.02"]
[SourceQuality "1"]

1. e4 e5 2. d4 d6 3. h3 Nf6 4. Nc3 Be7 5. Nf3 Nbd7 6. Be3 0-0 7. Qd2 b6 8. 0-0-0 Bb7 9. Bd3 c5 10. d5 Rc8 11. Qe2 a6 12. Bxa6 Bxa6 13. Qxa6 Ra8 14. Qe2 Nxe4 15. Nxe4 Rxa2 16. Nc3 Ra8 17. g4 f5 18. gxf5 Rxf5 19. Rhg1 Nf6 20. Bh6 Bf8 21. Ng5 Qe8 22. Ne6 Ra7 23. Nxf8 Qxf8 24. f4 exf4 25. Qe6+ Kh8 26. Qxf5 gxh6 27. Rde1 Ra8 28. Re6 Nd7 29. Qxf8+ Rxf8 30. Rxd6 Ne5 31. Ne4 f3 32. Rf6 Rxf6 33. Nxf6 b5 34. Rg8# 1-0